| 000 | 00407nam a2200157Ia 4500 | ||
|---|---|---|---|
| 003 | LK-CoDNM | ||
| 005 | 20231014093751.0 | ||
| 008 | 010623t1908 xxu||||| |||| 00| 1 eng d | ||
| 040 |
_aLK-CoDNM _dLK-CoDNM _eLK-CoDNM |
||
| 041 | _aeng | ||
| 080 | _a12 B14 | ||
| 245 | _aThe Imperial Gazetteer of India : Jaisalmer toKaraa | ||
| 260 |
_bOxford _aLondon _c1908 |
||
| 300 | _bVI,416p,1map., 22 cm | ||
| 942 | _cBK | ||
| 999 |
_c86795 _d86795 |
||